000 00549nam a2200217Ia 4500
003 OSt
005 20220928151308.0
006 a|||||r|||| 00| 0
007 ta
008 220927b |||||||| |||| 00| 0 eng d
024 _a122725
037 _cTextual
040 _aSDCL
_cSDCL
_beng
041 _2eng
_aeng
082 _aO13,2C47,1xN17, K111L0
100 _aLowell Robert
245 0 _aPrometheus Bound.
260 _c1970
942 _hO13,2C47,1xN17, K111L0
_cTEXL
_2CC
999 _c850980
_d850980